Ledakan teknologi & koridor raya multimedia

Bibliographic Details
Main Author: Hasnizah bt Mohamed Khalily
Corporate Author: Title
Format: Book
Published: Selangor : Penerbit Femina , 2006
Series:Siri pelengkap minda
Subjects:

MARC

LEADER 00000cam a2200000 7i4500
001 0000005137
005 20151222.0
008 070801
020 |a 9832648920(set) 
020 |a 9832648947 
090 0 0 |a SC MAL 
100 0 |a Hasnizah bt Mohamed Khalily 
245 1 0 |a Ledakan teknologi & koridor raya multimedia   |c Hasnizah bt Mohamed Khalily 
260 |a Selangor :   |b Penerbit Femina ,   |c 2006 
440 0 |a Siri pelengkap minda 
500 |a Children ages 10-12 years old (pink) 
650 0 |a Junior fiction   |x Malay   |x Languages 
650 0 |a Science 
710 0 |a Title 
999 |a 0000978338   |b Book   |c Children Collection   |e Perbadanan Perpustakaan Awam Johor 
999 |a 0000978339   |b Book   |c Children Collection   |e Cawangan Taman Universiti 
999 |a 0000978340   |b Book   |c Children Collection   |e Cawangan Segamat 
999 |a 0000978341   |b Book   |c Children Collection   |e Perbadanan Perpustakaan Awam Johor 
999 |a 0000983864   |b Book   |c Children Collection   |e Perbadanan Perpustakaan Awam Johor 
999 |a 0000983865   |b Book   |c Children Collection   |e Perbadanan Perpustakaan Awam Johor 
999 |a 0000983866   |b Book   |c Children Collection   |e Perbadanan Perpustakaan Awam Johor 
999 |a 0001145059   |b Book   |c Children Collection   |e Cawangan Taman Universiti 
999 |a 0001145060   |b Book   |c Children Collection   |e Cawangan Segamat 
999 |a 0001145061   |b Book   |c Children Collection   |e Cawangan Mersing 
999 |a 0001145062   |b Book   |c Children Collection   |e Cawangan Pontian 
999 |a 0001145063   |b Book   |c Children Collection   |e Cawangan Tmn. Ungku Tun Aminah